Macro y micro: las pymes frente al cambio (Registro nro. 18392)

Detalles MARC
000 -LEADER
fixed length control field 00432 a2200121 4500
001 - CONTROL NUMBER
control field ART_42742
005 - DATE AND TIME OF LATEST TRANSACTION
control field 20260410161737.0
008 - FIXED-LENGTH DATA ELEMENTS--GENERAL INFORMATION
fixed length control field 260409a
100 1# - MAIN ENTRY--PERSONAL NAME
Personal name Tigani, Eugenio Pablo
245 10 - TITLE STATEMENT
Title Macro y micro: las pymes frente al cambio
700 1# - ADDED ENTRY--PERSONAL NAME
Personal name Broda, Miguel Angel
773 0# - HOST ITEM ENTRY
Title Ejecutivos de finanzas
Related parts A.F.J.P. Medición y evaluación de la perfomance financiera - Año 12, Nº 131 (nov. 1996)
Record control number REV2863

No hay ítems disponibles.